Statistics for Every One Direction Song

Click here to take the quiz!

General Stats

  • This quiz has been taken 23 times
  • The average score is 59 of 91

Answer Stats

AlbumSong% Correct
A.M.
100%
Act My Age
89%
Gotta Be You
89%
History
89%
Kiss You
89%
Midnight Memories
89%
Night Changes
89%
One Thing
89%
Perfect
89%
Story of My Life
89%
Up All NightWhat Makes You Beautiful
89%
Midnight MemoriesBest Song Ever
78%
Diana
78%
Don't Forget Where You Belong
78%
Drag Me Down
78%
Made In The A.M.Hey Angel
78%
I Want
78%
Last First Kiss
78%
Little Things
78%
Take Me HomeLive While We're Young
78%
Moments
78%
Never Enough
78%
Olivia
78%
Rock Me
78%
Summer Love
78%
Up All Night
78%
Where Do Broken Hearts GO
78%
You & I
78%
Alive
67%
Another World
67%
Better Than Words
67%
Change Your Ticket
67%
C'mon, C'mon
67%
More Than This
67%
End of the Day
67%
Everything About You
67%
Girl Almighty
67%
Perfect EPHome
67%
Infinity
67%
Irresistible
67%
I Wish
67%
Little Black Dress
67%
Magic
67%
No Control
67%
Once in a Lifetime
67%
Over Again
67%
Ready to Run
67%
Save You Tonight
67%
Something Great
67%
Spaces
67%
FOURSteal My Girl
67%
Strong
67%
Why Don't We Go There
67%
Wolves
67%
18
56%
Clouds
56%
Heart Attack
56%
Stand Up
56%
Fireproof
56%
Fool's Gold
56%
Happily
56%
If I Could Fly
56%
Illusion
56%
I Should Have Kissed You
56%
I Want to Write You a Song
56%
I Would
56%
Little White Lies
56%
Long Way Down
56%
Love You Goodbye
56%
Na Na Na
56%
Comic ReliefOne Way or Another (Teenage Kicks)
56%
Right Now
56%
She's Not Afraid
56%
Stockholm Syndrome
56%
Temporary Fix
56%
They Don't Know About Us
56%
Through the Dark
56%
Walking in the Wind
56%
What a Feeling
56%
Back For You
44%
Change My Mind
44%
Stole My Heart
44%
Does He Know?
44%
Half a Heart
44%
Loved You First
44%
Nobody Compares
44%
Same Mistakes
44%
Tell Me A Lie
44%
Truly Madly Deeply
44%
Still The One
33%
Taken
33%

Score Distribution

Percentile by Number Answered

Percent of People with Each Score

Your Score History

You have not taken this quiz